| 000 | 00365nam a2200145Ia 4500 | ||
|---|---|---|---|
| 003 | PILC | ||
| 008 | 220421s2006 xx 000 0 und d | ||
| 040 | _cEARIST LIBRARY | ||
| 100 |
_aReynolds, George _9440 |
||
| 245 | 0 | _aEthics in Information Technology / | |
| 260 |
_aThomsom, _bAustralia : _c2006. |
||
| 300 | _a255 pages; | ||
| 999 |
_c1761 _d1761 |
||
| 942 |
_2ddc _cBK |
||